000
00348pam a2200157a 44500
008
230515b2010 xxu||||| |||| 00| 0 eng d
020
_a
NULL
041
_a
ENGLISH
082
_a
006.6 DES
100
_a
DESAI APURVA A
245
_a
COMPUTER GRAPHICS
250
_a
1
260
_a
NULL
_b
PRENTICE HALL
_c
2010
300
_a
345
650
_a
NULL
999
_c
642197
_d
642197